Central Library || Chittagong University

Democracy in muslim societies : (Record no. 110307)

MARC details
000 -LEADER
fixed length control field 00509nam a22001697a 4500
003 - CONTROL NUMBER IDENTIFIER
control field BD-ChCU
005 - DATE AND TIME OF LATEST TRANSACTION
control field 20251210093332.0
008 - FIXED-LENGTH DATA ELEMENTS--GENERAL INFORMATION
fixed length control field 251210b ii ||||| |||| 00| 0 eng d
040 ## - CATALOGING SOURCE
Transcribing agency BD-ChCU
082 ## - DEWEY DECIMAL CLASSIFICATION NUMBER
Classification number 320.91767 B383
100 ## - MAIN ENTRY--PERSONAL NAME
Personal name Hasan, Zoya
Relator term Editor
9 (RLIN) 17864
245 ## - TITLE STATEMENT
Title Democracy in muslim societies :
Remainder of title the Asia expericence /
Statement of responsibility, etc. edited by Zoya Hasan
260 ## - PUBLICATION, DISTRIBUTION, ETC.
Place of publication, distribution, etc. New Delhi:
Name of publisher, distributor, etc. Sage Pub:
Date of publication, distribution, etc. c2007
300 ## - PHYSICAL DESCRIPTION
Extent 266p.
650 #0 - SUBJECT ADDED ENTRY--TOPICAL TERM
Topical term or geographic name entry element Democracy Politics and Government- Asia
9 (RLIN) 17867
942 ## - ADDED ENTRY ELEMENTS (KOHA)
Source of classification or shelving scheme Dewey Decimal Classification
Koha item type Books
Suppress in OPAC No
Holdings
Withdrawn status Lost status Source of classification or shelving scheme Damaged status Not for loan Home library Current library Shelving location Date acquired Source of acquisition Total Checkouts Full call number Barcode Date last seen Copy number Price effective from Koha item type
    Dewey Decimal Classification     Chittagong University Library Chittagong University Library Business and Social Science Reading Room 12/10/2025 Purchase   320.91767 B383 268619 12/10/2025 C-1 12/10/2025 Books
    Dewey Decimal Classification     Chittagong University Library International Relations Seminar Library Business and Social Science Reading Room 12/10/2025 Purchase   320.91767 B383 268620 12/10/2025 C-2 12/10/2025 Books
© Copyright 2026. Chittagong University Library, Installation and Maintenance by Prof. Dr. Md. Alamgir, 01711306253